Propuesta de un plan de mantenimiento para los equipos y maquinaria de la empresa tabacalera Plasencia Cigars, en Estelí
La presente investigación “Propuesta de un plan de mantenimiento para los equipos y maquinaria” fue desarrollada Plasencia Cigars, una empresa dedicada al cultivo de tabaco y producción de puros en Nicaragua. Empresas como esta, tienen entre sus principales objetivos mantener sus equipos y maquina...
| Main Authors: | , |
|---|---|
| Other Authors: | |
| Format: | Tesis Section = Libro |
| Language: | Undetermined Spanish |
| Published: |
Managua
UNI
2023
|
| Subjects: |
| LEADER | 01371nam a2200253Ia 4500 | ||
|---|---|---|---|
| 008 | 240830s9999 xx 000 0 und d | ||
| 040 | |a BIBLIOTECA-RUPAP/ Mon 658.202 L864 | ||
| 041 | |a spa | ||
| 082 | |a Mon 658.202 L864 | ||
| 100 | 1 | |a López Espinal, Emy Yaritxela | |
| 100 | 1 | |b Villareyna Castillo, Samaria Adriana | |
| 245 | 1 | 0 | |a Propuesta de un plan de mantenimiento para los equipos y maquinaria de la empresa tabacalera Plasencia Cigars, en Estelí |
| 260 | |a Managua |b UNI |c 2023 | ||
| 300 | |a 66 p. :il. | ||
| 500 | |a Contiene: anexos y CD. | ||
| 502 | |a Tesis (Ingeniero Industrial) - UNI, 2023. | ||
| 520 | 3 | |a La presente investigación “Propuesta de un plan de mantenimiento para los equipos y maquinaria” fue desarrollada Plasencia Cigars, una empresa dedicada al cultivo de tabaco y producción de puros en Nicaragua. Empresas como esta, tienen entre sus principales objetivos mantener sus equipos y maquinarias en las mejores condiciones, esto incluye disminuir los paros de maquinaria, disminuir el requerimiento de repuestos o menor cantidad de defectos ocasionados por máquina, esto es posible con la implementación de un plan de mantenimiento. | |
| 650 | 7 | |a MANTENIMIENTO INDUSTRIAL | |
| 650 | 7 | |b MANTENIMIENTO | |
| 650 | 7 | |c PLANEACION | |
| 700 | 1 | |a Tutor: |b Guadamuz herrera, Paul Arafat | |
| 942 | |c BK |2 ddc | ||
| 991 | |a Tesis | ||
| 999 | |c 27553 | ||